000 00777nam a2200277 a 4500
001 BRCA_5308
005 20190320205027.0
008 021210s1899----gw-a######---#000-0#ger-#
041 _ager
044 _agw
050 4 _aND588
_b.R67 1
_c1899
100 1 _aRosenberg, Adolf
_913616
245 1 0 _aLenbach
_cvon Adolf Rosenberg.
250 _a2
260 _aBiefeld, Alemania
_bVelhagen & Klasing
_c1899
300 _a122 p.
_bil., 101 láminas
_c26 cm.
440 0 _aKünstler Monographien
_v34
_913466
500 _aEdición con cantos dorados
500 _aVer también E105 (1911)
500 _aE85
504 _aBibliografía: p. [122]
600 1 4 _aLenbach, Franz von
_d1836-1904
_913617
650 1 4 _aPintores alemanes
_9797
902 _aGFM
942 _2lcc
_cB
999 _c5002
_d5002